مايكروسوفت باوربوينت 2000 / (رقم التسجيلة. 74127)

تفاصيل مارك
000 -LEADER
fixed length control field 00614nam a22001937a 4500
005 - DATE AND TIME OF LATEST TRANSACTION
control field 20251108172238.0
008 - FIXED-LENGTH DATA ELEMENTS--GENERAL INFORMATION
fixed length control field 250721s2000 xx 000 0 ara d
082 14 - DEWEY DECIMAL CLASSIFICATION NUMBER
Classification number 005.3/بسي
100 1# - MAIN ENTRY--PERSONAL NAME
Personal name بسيوني، عبد الحميد
245 10 - TITLE STATEMENT
Title مايكروسوفت باوربوينت 2000 /
246 11 - VARYING FORM OF TITLE
Title proper/short title Microsoft power point 2000
264 1# - PRODUCTION, PUBLICATION, DISTRIBUTION, MANUFACTURE, AND COPYRIGHT NOTICE
Place of production, publication, distribution, manufacture القاهرة :
Name of producer, publisher, distributor, manufacturer مكتبة إبن سينا للنشر و التوزيع،
Date of production, publication, distribution, manufacture, or copyright notice 2000.
300 ## - PHYSICAL DESCRIPTION
Extent 319ص
650 17 - SUBJECT ADDED ENTRY--TOPICAL TERM
Topical term or geographic name as entry element برامج الحاسوب
650 17 - SUBJECT ADDED ENTRY--TOPICAL TERM
Topical term or geographic name as entry element الحواسيب
700 1# - ADDED ENTRY--PERSONAL NAME
Personal name شاهين، أحمد شوقي
942 ## - ADDED ENTRY ELEMENTS (KOHA)
Source of classification or shelving scheme Dewey Decimal Classification
Koha item type كتب
المقتنيات
حالة السحب حالة الفقدان مصدر التصنيف حالة التلف غير قابل للإعارة المكتبة الرئيسية المكتبة الحالية موقع الرف تاريخ التزويد الرقم المتسلسل Total Checkouts رقم الإستدعاء الباركود تاريخ آخر ظهور تاريخ الفاتورة نوع المادة (كوها)
    Dewey Decimal Classification     مكتبة صويلح العامة مكتبة صويلح العامة الإعارة 06/07/2004 408782   005.3/بسي 408782 28/07/2025 06/07/2004 كتب
    Dewey Decimal Classification     مكتبة صويلح العامة مكتبة صويلح العامة الإعارة 22/05/2015 420980   005.3/بسي PLD00330137 28/07/2025 22/05/2015 كتب
Implemented & Customized by: BBB with SCIT (Smart Chains for Information Technology)

Powered by Koha